[Event "Championnat 13"]
[Site "Vitrolles"]
[Date "2012.10.06"]
[Round "1"]
[White "Scamaroni, Jean-Paul"]
[Black "Joubert, Leo"]
[Result "0-1"]
[WhiteElo "1678"]
[BlackElo "1734"]
[Annotator "Gozzoli,Y"]
[PlyCount "118"]
[EventDate "2012.??.??"]
[EventType "swiss"]
[EventRounds "6"]
[EventCountry "FRA"]
[SourceDate "2005.09.12"]

1. d4 Nf6 2. c4 e6 3. Nc3 Bb4 4. Qc2 {la variante Capablanca.} O-O 5. Nf3 (5.
a3 {est plus fréquent.}) (5. e4 $5) 5... b6 $2 {une faute théorique !} 6. e3 $6
{une réaction trop passive.} (6. e4 $1 $16) (6. Bg5 $5) 6... Bb7 7. Be2 d5 (
7... Ne4 $142 8. O-O f5 $36) 8. a3 Be7 9. cxd5 exd5 10. O-O c5 11. b3 Nbd7 12.
Bb2 Rc8 $11 13. Qd2 $6 (13. Qf5 $142) 13... Ne4 14. Qe1 Ndf6 (14... Bf6 $5) 15.
Rc1 Bd6 16. dxc5 bxc5 17. Nb1 $2 Qb6 $15 18. Nbd2 Bb8 19. Qd1 Rfd8 (19... Rfe8
$5 {pour menacer la poussée ...d4 est à considérer.}) 20. Be5 Bxe5 21. Nxe5 Qa5
22. Nb1 $2 (22. Nxe4 Nxe4 (22... dxe4 23. Nc4 $1 $14) 23. Bg4 $1 Rc7 24. Bf3
Re7 25. Bxe4 Rxe5 26. Bf3 $11) 22... Qc7 23. Nf3 c4 $6 {trop tôt ! La poussée
c4 ne doit être effectuée que si la poussée d4 n'est plus d'actualité ! Hors,
ici elle l'était encore !} (23... Qe7 $5) 24. Qc2 $2 (24. Nd4 $1 $13 {une
superbe case pour un N blanc qui souligne le principal désavantage de la
poussée c5-c4..}) 24... Ba6 $2 (24... Ng4 $3 $19 {menace ...Ng5 !} 25. h3 Ngxf2
$1 26. Rxf2 Qb6 $1 {La pointe, les Noirs menacent de prendre en e3 et b3.} 27.
bxc4 (27. Rff1 cxb3 28. Qb2 (28. Qd3 Rxc1 29. Rxc1 Ba6 $3 30. Qxa6 Qxe3+ 31.
Kh2 Qf4+ 32. Kg1 Qxc1+ $19) 28... Qxe3+ 29. Kh2 Qf4+ 30. Kg1 Ng3 $19) 27...
Qxe3 28. Rcf1 Nxf2 29. Rxf2 dxc4 $19 {avec un énorme avantage noir grâce au
pion passé c4 et à la force de leurs pièces.}) 25. Nd4 Qe5 26. b4 Nd6 27. a4
Nfe4 28. b5 Bb7 29. Nc3 Nxc3 30. Qxc3 Ne4 31. Qc2 $13 {Diagramme [#]  Les
Noirs doivent faire attention maintenant car les Blancs ont réussi à
réorganiser leurs pièces et à enfermer le Bb7} Nc5 32. Qf5 $6 (32. a5 $1) 32...
f6 33. Bd1 g6 34. Qb1 f5 35. a5 $6 (35. g3 $142) 35... f4 $1 $36 36. Nf3 (36.
Bg4 $142 Rb8 37. Qa1) 36... Qe4 $6 {pourquoi échanger la Qb1 ?} (36... Qf6 $1
$15) 37. Bc2 Nd3 $2 {une erreur qui perd du matériel.} (37... Qe7 38. Rce1 fxe3
39. fxe3 $13) 38. exf4 {pas le meilleur !} (38. a6 $1 Ba8 39. exf4 d4 40. b6
axb6 41. Qxb6 $16 {et je ne vois pas les compensations noires pour le pion de
moins !}) 38... d4 39. Rfe1 $6 (39. b6 $1) 39... Qd5 $4 (39... Qxf4 40. Bxd3
cxd3 41. Rxc8 Rxc8 42. Qxd3 Bxf3 43. gxf3 Qg5+ 44. Kh1 $14) 40. Bxd3 cxd3 41.
Rxc8 Rxc8 42. Qxd3 $18 {les Blancs ont deux pions de plus net !} Rc5 43. Rb1 $2
(43. h4 $1 Rxb5 $140 $2 44. Re5 $1 Rb3 45. Rxd5 Rxd3 46. Rd8+ Kf7 47. Rd7+ Ke6
48. Rxb7 $18) 43... Rc4 (43... Qe4 $5) 44. a6 Ba8 45. Re1 Qxb5 46. Rb1 $4 {une
grosse faute qui perd immédiatement} (46. Nd2 $1 Rc5 47. Qxb5 Rxb5 48. Re8+ Kg7
49. Rxa8 Rb2 50. Rxa7+ Kf6 51. Nf1 $18) 46... Rc1+ $1 47. Rxc1 Qxd3 $19 48.
Rc8+ Kg7 49. Rc7+ Kf6 50. Rf7+ Ke6 51. Ng5+ Kd6 52. Rf6+ Kc5 53. h3 Qb1+ 54.
Kh2 d3 55. Ne6+ Kc4 56. Nc7 Bd5 57. Rd6 d2 58. Nxd5 Kc5 59. Rd8 d1=Q 0-1

[Event "Championnat 13"]
[Site "Vitrolles"]
[Date "2012.10.06"]
[Round "1"]
[White "Beraud, Robert"]
[Black "Arthaud, Geoffrey"]
[Result "1-0"]
[WhiteElo "1735"]
[BlackElo "1630"]
[Annotator "Gozzoli,Y"]
[PlyCount "113"]
[EventDate "2012.??.??"]
[EventType "swiss"]
[EventRounds "6"]
[EventCountry "FRA"]
[SourceDate "2005.09.12"]

1. e4 c6 2. d4 d5 3. e5 c5 $5 {Une variante très intéressante, spécialité du
GMI Khenkin.} (3... Bf5 {est le plus joué.}) 4. dxc5 (4. Nf3) 4... e6 5. Qg4 (
5. Be3) 5... h5 6. Qf4 Bxc5 $11 7. Nf3 Nh6 8. Bd3 Nc6 9. a3 (9. Qg3 $5 Ng4 $140
10. O-O) 9... Qc7 (9... Ng4 $5 10. O-O Qc7 {et il n'est pas simple pour les
Blancs de défendre le pion e5.} 11. b4 Bb6 12. Bb2 f6 13. Bg6+ Kd8 $17 {le K
noir n'est pas en danger, les Blancs n'ont pas le temps d'en tirer profit.})
10. Nc3 (10. h3 $1) 10... Ng4 11. Be3 $2 (11. Nb5 $1 Qb6 12. O-O $1 Nxf2 (12...
Bxf2+ 13. Kh1 $1 Bc5 14. b4 $1 Be7 15. h3 $1 Nh6 16. Nd6+ Bxd6 17. exd6 $18 {
et les Noirs ne survivront pas à l'attaque blanche.}) 13. Rxf2 $3 Bxf2+ 14. Kh1
Bc5 15. b4 Be7 16. Nd6+ Bxd6 17. exd6 $36 {avec une très forte initiative
blanche.}) 11... Bxe3 12. fxe3 Ngxe5 $17 {Diagramme [#] Les Noirs ont gagné un
pion sans compensations.} 13. Ke2 $6 (13. O-O {pour attaquer sur la colonne
"f" et ouvrir le centre rapidement était la meilleure manière de continuer.})
13... a6 14. b4 Qb8 (14... f6 $1) 15. Na4 b5 $6 {Un affaiblissement inutile de
la case c5.} 16. Nc5 Nxd3 $6 {améliore la structure blanche.} 17. cxd3 Qxf4 $2
{Une sérieuse faute stratégique, après ça le Bc8 n'arrivera plus à rentrer en
jeu.} (17... e5 $1 18. Qg5 Kf8 19. Rhf1 Kg8 20. d4 $13) 18. exf4 h4 $6 {Le
pion h4 est maintenant une cible des pièces blanches.} (18... Ke7 $1 19. d4 f6
{suivi de Bd7-a5 était le dernier moment pour générer de l'activité.}) 19. Rac1
(19. Rhc1 {était plus précis, la Ra1 pouvant être utile en cas d'une future
poussée a3-a4}) 19... Bd7 (19... a5 $1 20. Nxe6 Bxe6 21. Rxc6 axb4 22. axb4
Ra2+ 23. Ke3 Rxg2 $11) 20. d4 $6 (20. Rc2 $140 $1 a5 $2 21. Nxd7 $1 Kxd7 22.
Rhc1 $1 $16 Rhc8 $140 $4 23. Rxc6 $18) 20... Ke7 21. Kd3 a5 $1 {Les Noirs
saisissent leur chance !} 22. Ne5 Nxe5+ 23. fxe5 axb4 24. axb4 Ra3+ 25. Rc3 Ra2
26. Rc2 Rha8 27. Rhc1 R8a3+ 28. Ke2 f6 {Les Noirs ont parfaitement joué la
dernière séquence de coups et préparent maintenant la manoeuvre Be8-g6 pour
gagner le contrôle de la seconde rangée.} 29. Kd2 Be8 30. Rxa2 (30. Nb7 $5 {
/\Nd6-Rc7}) 30... Rxa2+ 31. Rc2 {Diagramme [#]} Rxc2+ $4 {Une faute grave qui
hypothèque définitivement les chances de gain noires.} (31... Ra7 $1 {suivi de
fxe5-g5-Bg6 donnait aux Noirs une position techniquement gagnante.}) 32. Kxc2
Bg6+ 33. Kd2 {maintenant les Noirs n'ont plus de cible dans la position
blanche, le N blanc est trop fort !} Bh5 34. Ke3 g5 35. g3 $1 f5 $2 {une
mauvaise idée.} ({il fallait se resoudre à la nulle par} 35... hxg3 36. hxg3
Bg6 37. Nb7) 36. gxh4 $1 f4+ $2 {maintenant les Blancs gagnent en force} (36...
gxh4 37. Nd3 $14 {est très désagréable pour les Noirs mais ils gardent des
chances de survie.}) 37. Kf2 gxh4 38. Nd3 f3 39. Nf4 Bg4 40. Ng6+ Kf7 41. Nxh4
Kg7 42. Nxf3 $18 {Maintenant les Blancs sont techniquement gagnants.} Kg6 43.
Ke3 $6 (43. Kg3 Kf5 44. Nh4+ Kg5 45. Ng2 Bh5 46. Nf4 Bf7 47. h4+ Kf5 48. Kf3
Bg8 49. Nh5 Bf7 50. Nf6 $18) 43... Kf5 44. h4 $2 {une faute qui rend la
réalisation technique plus complexe.} (44. Ne1 $1) 44... Bh5 45. Ne1 $2 (45.
Ng5 $1) 45... Bg4 $4 {la faute décisive} (45... Bf7 {avec l'idée Kg4 et je ne
vois pas comment les Blancs peuvent passer.} 46. Kf3 Bh5+ 47. Kg3 Ke4 $1) 46.
Nd3 Kg6 47. Nc5 Kh5 48. Na6 Kxh4 49. Nc7 Kg5 50. Nxb5 Kg6 51. Nd6 Bd1 52. b5
Ba4 53. b6 Bc6 54. b7 Bxb7 55. Nxb7 Kf7 56. Nc5 Ke7 57. Kf4 {Une partie
instructive sur la lutte entre les bonnes et les mauvaises pièces.} 1-0

[Event "1er open Fide de Domloup - A "]
[Site "Domloup"]
[Date "2013.08.30"]
[Round "1.1"]
[White "Aubry, Yannis"]
[Black "Marie, Xavier"]
[Result "1-0"]
[WhiteElo "2170"]
[BlackElo "1826"]
[PlyCount "96"]
[EventDate "2013.??.??"]
[EventType "swiss"]
[EventRounds "5"]
[EventCountry "FRA"]
[SourceDate "2005.09.12"]

1. c4 Nf6 2. Nc3 c5 3. g3 d5 4. cxd5 Nxd5 5. Bg2 Nxc3 6. bxc3 g6 7. d4 Bg7 8.
Bb2 cxd4 9. cxd4 Qa5+ 10. Qd2 Qxd2+ 11. Kxd2 O-O 12. e3 Na6 13. Ba3 Re8 14. f4
Rb8 15. Rb1 Bf8 16. Ne2 e6 17. Bxf8 Kxf8 18. Nc3 Nc7 19. Rhc1 b6 20. Ne4 Nd5
21. Nd6 Rd8 22. Nxc8 Rbxc8 23. Bf1 Rxc1 24. Rxc1 Rd7 25. e4 Nf6 26. Kd3 Ke7 27.
Be2 h5 28. Rc6 Rd8 29. Bf3 Rd7 30. h3 Rd8 31. Kc4 Kd7 32. e5 Ne8 33. d5 exd5+
34. Bxd5 Ke7 35. g4 hxg4 36. hxg4 Rd7 37. Bxf7 Rd2 38. Bxe8 Kxe8 39. Rxg6 Rxa2
40. f5 Rb2 41. Rg8+ Kf7 42. Ra8 a5 43. Ra7+ Ke8 44. f6 Rb4+ 45. Kc3 Re4 46. g5
Rxe5 47. g6 Kf8 48. g7+ Kg8 1-0

[Event "1er open Fide de Domloup - A "]
[Site "Domloup"]
[Date "2013.08.30"]
[Round "1.2"]
[White "Ruhlmann, Helene"]
[Black "Serralta, Michel"]
[Result "0-1"]
[WhiteElo "1823"]
[BlackElo "2087"]
[PlyCount "40"]
[EventDate "2013.??.??"]
[EventType "swiss"]
[EventRounds "5"]
[EventCountry "FRA"]
[SourceDate "2005.09.12"]

1. d4 Nf6 2. Nf3 g6 3. c4 Bg7 4. Nc3 d5 5. cxd5 Nxd5 6. e4 Nxc3 7. bxc3 c5 8.
Bc4 Nc6 9. Be3 O-O 10. h3 Qa5 11. Qd2 cxd4 12. cxd4 Qxd2+ 13. Kxd2 Rd8 14. Kd3
Bd7 15. Rab1 Rac8 16. Rhc1 Na5 17. Bd2 Nxc4 18. Rxc4 f5 19. Rxc8 Rxc8 20. Rc1
Bb5+ 0-1

[Event "1er open Fide de Domloup - A "]
[Site "Domloup"]
[Date "2013.08.30"]
[Round "1.4"]
[White "Rault, Patrice"]
[Black "Geffroy, Leo"]
[Result "0-1"]
[WhiteElo "1768"]
[BlackElo "1971"]
[PlyCount "78"]
[EventDate "2013.??.??"]
[EventType "swiss"]
[EventRounds "5"]
[EventCountry "FRA"]
[SourceDate "2005.09.12"]

1. d4 Nf6 2. Nf3 g6 3. e3 Bg7 4. Bd3 d5 5. b3 c5 6. Bb2 Nc6 7. a3 cxd4 8. exd4
O-O 9. h3 Qb6 10. Nbd2 Nh5 11. c3 Nf4 12. Bf1 Bf5 13. g3 Nd3+ 14. Bxd3 Bxd3 15.
Nf1 Ba6 16. Ne3 Rfd8 17. Ng4 Na5 18. Rb1 Nxb3 19. Bc1 Qe6+ 20. Be3 Na5 21. Kd2
Nc4+ 22. Kc1 Nxa3 23. Rb3 Nc4 24. Nh6+ Bxh6 25. Bxh6 f6 26. Re1 Qxh3 27. Nh4
Qd7 28. Qc2 Kf7 29. f4 Nd6 30. Nf3 Nf5 31. Bg5 Nxg3 32. Qh2 Nh5 33. Ne5+ fxe5
34. fxe5 Qf5 35. Qh4 Qe6 36. Rb2 Re8 37. Rf2+ Kg8 38. Rh1 Rac8 39. Kd2 Rf8 0-1

[Event "1er open Fide de Domloup - A "]
[Site "Domloup"]
[Date "2013.08.30"]
[Round "1.5"]
[White "Mahe, Romain"]
[Black "Lechartre, Victorien"]
[Result "1-0"]
[WhiteElo "1957"]
[BlackElo "1701"]
[PlyCount "49"]
[EventDate "2013.??.??"]
[EventType "swiss"]
[EventRounds "5"]
[EventCountry "FRA"]
[SourceDate "2005.09.12"]

1. e4 c5 2. Nf3 Nc6 3. d4 cxd4 4. Nxd4 Nf6 5. Nc3 d6 6. Bc4 e6 7. Bb3 Be7 8.
Be3 O-O 9. g4 Nxd4 10. Bxd4 e5 11. g5 Ng4 12. Be3 Nxe3 13. fxe3 Bxg5 14. Qf3
Bh4+ 15. Kd2 Bd7 16. Raf1 Be8 17. Rhg1 g6 18. Nd5 Kg7 19. Qg4 Bd7 20. Qh5 Rc8
21. Rf3 h6 22. Rff1 Be8 23. Qf5 Kh8 24. Rxg6 Bd7 25. Rxh6+ 1-0

[Event "1er open Fide de Domloup - A "]
[Site "Domloup"]
[Date "2013.08.30"]
[Round "1.6"]
[White "Francois, Adrien"]
[Black "Durand-Le Ludec, Brendan"]
[Result "1/2-1/2"]
[WhiteElo "1643"]
[BlackElo "1875"]
[PlyCount "126"]
[EventDate "2013.??.??"]
[EventType "swiss"]
[EventRounds "5"]
[EventCountry "FRA"]
[SourceDate "2005.09.12"]

1. e4 e6 2. d4 d5 3. Nc3 Bb4 4. e5 c5 5. Bd2 cxd4 6. Nb5 Be7 7. Qg4 Kf8 8. Nxd4
Nc6 9. Nxc6 bxc6 10. Bd3 Bc5 11. Nf3 Ne7 12. O-O Nf5 13. Qh5 Qe8 14. g4 g6 15.
Qh3 Ng7 16. Bg5 h5 17. Bf6 Kg8 18. gxh5 Rxh5 19. Qg3 Be7 20. Bxe7 Qxe7 21. Kh1
c5 22. c4 Bb7 23. cxd5 Bxd5 24. Kg1 Nf5 25. Qg4 Rd8 26. Be4 Nh4 27. Bxd5 Nxf3+
28. Qxf3 Rxd5 29. Qf6 Qxf6 30. exf6 Rhg5+ 31. Kh1 Rgf5 32. Kg2 Rxf6 33. Rac1
Rff5 34. Rc4 Rd2 35. Ra4 Rxb2 36. Rxa7 Kg7 37. a4 Ra2 38. a5 Kf6 39. Kg3 Ra3+
40. Kg2 c4 41. Rc1 Ra2 42. Rxc4 Rfxf2+ 43. Kg3 Rg2+ 44. Kf3 Raf2+ 45. Ke3 Rxh2
46. a6 Ra2 47. Rcc7 Rh3+ 48. Kd4 Ra4+ 49. Kc5 Rc3+ 50. Kb6 Rxc7 51. Rxc7 g5 52.
Rc5 Rxa6+ 53. Kxa6 g4 54. Kb5 e5 55. Kc4 Kf5 56. Kd3 Kf4 57. Rc4+ Kf3 58. Re4
g3 59. Rxe5 Kg2 60. Rf5 Kh1 61. Rxf7 g2 62. Rg7 g1=Q 63. Rxg1+ Kxg1 1/2-1/2

[Event "1er open Fide de Domloup - A "]
[Site "Domloup"]
[Date "2013.08.30"]
[Round "1.7"]
[White "Le Henaff, Julien"]
[Black "Seite, Sullian"]
[Result "0-1"]
[WhiteElo "1864"]
[BlackElo "1551"]
[PlyCount "122"]
[EventDate "2013.??.??"]
[EventType "swiss"]
[EventRounds "5"]
[EventCountry "FRA"]
[SourceDate "2005.09.12"]

1. e4 e6 2. d4 d5 3. exd5 exd5 4. Bd3 Bd6 5. Qf3 Ne7 6. Nc3 Nbc6 7. Nge2 Nb4 8.
Nb5 Nxd3+ 9. Qxd3 Bf5 10. Nxd6+ Qxd6 11. Qb3 O-O 12. Bf4 Qg6 13. O-O Qc6 14.
Rac1 Rfe8 15. Ng3 Bg6 16. c4 Qb6 17. cxd5 Qxb3 18. axb3 Nxd5 19. Bxc7 Nxc7 20.
Rxc7 Bd3 21. Rd1 Ba6 22. d5 Red8 23. d6 Rac8 24. Rdc1 b6 25. Nf5 Kf8 26. d7
Rxc7 27. Rxc7 g6 28. Nd6 Ke7 29. Rxa7 Kxd6 30. Rxa6 Kc6 31. Ra7 Rxd7 32. Rxd7
Kxd7 33. Kf1 Kd6 34. Ke2 Kc5 35. Kd3 Kb4 36. Kc2 h6 37. f4 h5 38. h3 h4 39. Kd3
Kxb3 40. Kd4 Kxb2 41. Ke5 b5 42. Kf6 b4 43. Kxf7 Kc3 44. Kxg6 b3 45. Kg5 b2 46.
Kxh4 b1=Q 47. g4 Qe4 48. Kg5 Qe7+ 49. Kh5 Qh7+ 50. Kg5 Qxh3 51. f5 Qe3+ 52. Kg6
Qe8+ 53. Kg7 Kd4 54. f6 Qd7+ 55. f7 Qxg4+ 56. Kf6 Qf4+ 57. Kg7 Qg5+ 58. Kh7 Qf6
59. Kg8 Qg6+ 60. Kf8 Ke5 61. Ke7 Qe6+ 0-1

[Event "1er open Fide de Domloup - A "]
[Site "Domloup"]
[Date "2013.08.30"]
[Round "2.1"]
[White "Geffroy, Leo"]
[Black "Aubry, Yannis"]
[Result "0-1"]
[WhiteElo "1971"]
[BlackElo "2170"]
[PlyCount "48"]
[EventDate "2013.??.??"]
[EventType "swiss"]
[EventRounds "5"]
[EventCountry "FRA"]
[SourceDate "2005.09.12"]

1. e4 d6 2. d4 Nf6 3. Nc3 e5 4. Nf3 Nbd7 5. Bc4 Be7 6. O-O O-O 7. h3 a6 8. a4
b6 9. dxe5 Nxe5 10. Bb3 Bb7 11. Re1 Nfd7 12. Nd4 Bf6 13. f4 Ng6 14. g3 Re8 15.
Bd5 Bxd4+ 16. Qxd4 c6 17. Ba2 Qf6 18. e5 Ndxe5 19. fxe5 Nxe5 20. Rxe5 Rxe5 21.
Qf2 Rf5 22. Qe2 c5 23. Bd2 Rf3 24. Bf4 (24. Be1) 24... Qd4+ 0-1

[Event "1er open Fide de Domloup - A "]
[Site "Domloup"]
[Date "2013.08.30"]
[Round "2.2"]
[White "Serralta, Michel"]
[Black "Mahe, Romain"]
[Result "0-1"]
[WhiteElo "2087"]
[BlackElo "1957"]
[PlyCount "83"]
[EventDate "2013.??.??"]
[EventType "swiss"]
[EventRounds "5"]
[EventCountry "FRA"]
[SourceDate "2005.09.12"]

1. d4 d5 2. c4 Bf5 3. Nc3 e6 4. Nf3 Nc6 5. Bf4 Nf6 6. e3 Bd6 7. c5 Bxf4 8. exf4
O-O 9. Bb5 Bg4 10. Bxc6 bxc6 11. h3 Bxf3 12. Qxf3 Qb8 13. O-O-O a5 14. Rhe1 Qb7
15. g4 Rfb8 16. Rd2 a4 17. g5 Nd7 18. f5 Nf8 19. f6 a3 20. b3 Qb4 21. fxg7 Ng6
22. Re3 Nh4 23. Qg4 Nf5 24. Red3 Nxg7 25. h4 e5 26. h5 exd4 27. Ne2 Qxc5+ 28.
Kb1 Qc4 29. g6 fxg6 30. hxg6 hxg6 31. Qxg6 Qc5 32. Rh3 Qe7 33. Qh7+ Kf7 34.
Rf3+ Ke8 35. Ng3 Qe1+ 36. Kc2 Qa1 37. Qg8+ Kd7 38. Rf7+ Kd6 39. Qxg7 Qxa2+ 40.
Kd1 Qxb3+ 41. Rc2 Qd3+ 42. Kc1 0-1

[Event "1er open Fide de Domloup - A "]
[Site "Domloup"]
[Date "2013.08.30"]
[Round "2.3"]
[White "Seite, Sullian"]
[Black "Gutscher, Marc-Andre"]
[Result "0-1"]
[WhiteElo "1551"]
[BlackElo "2005"]
[PlyCount "74"]
[EventDate "2013.??.??"]
[EventType "swiss"]
[EventRounds "5"]
[EventCountry "FRA"]
[SourceDate "2005.09.12"]

1. c4 Nf6 2. Nc3 g6 3. g3 Bg7 4. Bg2 O-O 5. Nf3 d6 6. d4 Nc6 7. O-O Bg4 8. h3
Bxf3 9. Bxf3 Nd7 10. e3 e5 11. d5 Ne7 12. e4 f5 13. Bg2 f4 14. b4 a5 15. Ba3
axb4 16. Bxb4 b6 17. a4 g5 18. a5 Ng6 19. axb6 Rxa1 20. Qxa1 Nxb6 21. c5 Nc8
22. cxd6 Nxd6 23. Na4 f3 24. Bh1 Rf7 25. Nc5 Qf6 26. Qb1 h5 27. Rc1 g4 28. hxg4
hxg4 29. Ne6 Ne8 30. Ba5 Bf8 31. Qb8 Nd6 32. Qb1 Rh7 33. Nxf8 Rxh1+ 34. Kxh1
Qh8+ 35. Nh7 Qxh7+ 36. Kg1 Qh3 37. Qb8+ Nf8 0-1

[Event "1er open Fide de Domloup - A "]
[Site "Domloup"]
[Date "2013.08.30"]
[Round "2.4"]
[White "Andre, Philippe"]
[Black "Francois, Adrien"]
[Result "1/2-1/2"]
[WhiteElo "1792"]
[BlackElo "1643"]
[PlyCount "135"]
[EventDate "2013.??.??"]
[EventType "swiss"]
[EventRounds "5"]
[EventCountry "FRA"]
[SourceDate "2005.09.12"]

1. e4 c5 2. Nc3 a6 3. f4 Nc6 4. Nf3 e6 5. d3 g6 6. e5 d5 7. a4 Bg7 8. Be2 Nge7
9. O-O O-O 10. Qe1 f6 11. exf6 Bxf6 12. Bd1 Qc7 13. Ng5 Nd4 14. a5 Bd7 15. Qh4
Rf7 16. Qe1 Bxg5 17. fxg5 Rxf1+ 18. Qxf1 Rf8 19. Qe1 Qd6 20. Ne2 Nef5 21. c3
Nxe2+ 22. Qxe2 e5 23. Bd2 Bb5 24. Ba4 c4 25. Bxb5 axb5 26. g4 cxd3 27. Qxd3 Nh4
28. Rf1 e4 29. Rxf8+ Kxf8 30. Qe2 Nf3+ 31. Kh1 Qc7 32. b4 Qc4 33. Qxc4 dxc4 34.
Bf4 Ke7 35. Kg2 Ke6 36. Kf2 Kd5 37. Ke3 Ne1 38. Bg3 Nc2+ 39. Kd2 Na3 40. Bf2
Nb1+ 41. Kc2 e3 42. Bxe3 Ke4 43. Bd4 Na3+ 44. Kb2 Kd3 45. Kxa3 Kc2 46. Ka2 Kc1
47. h4 Kc2 48. h5 Kc1 49. Be3+ Kc2 50. Bd4 Kc1 51. Be3+ Kc2 52. Bf4 Kxc3 53.
Kb1 Kxb4 54. Bc7 Ka3 55. Kc2 b4 56. Bd6 Ka4 57. Bc7 b3+ 58. Kb1 c3 59. Bd8 Kb4
60. Bc7 Kc4 61. Be5 Kd3 62. Kc1 b2+ 63. Kb1 Kd2 64. Bf4+ Kd1 65. Be3 Ke2 66.
Bf4 Kd1 67. Be3 Ke2 68. Bf4 1/2-1/2

[Event "1er open Fide de Domloup - A "]
[Site "Domloup"]
[Date "2013.08.30"]
[Round "2.5"]
[White "Durand-Le Ludec, Brendan"]
[Black "Le Henaff, Julien"]
[Result "1-0"]
[WhiteElo "1875"]
[BlackElo "1864"]
[PlyCount "105"]
[EventDate "2013.??.??"]
[EventType "swiss"]
[EventRounds "5"]
[EventCountry "FRA"]
[SourceDate "2005.09.12"]

1. Nf3 d5 2. c4 c6 3. g3 Nf6 4. Bg2 Nbd7 5. d4 e6 6. O-O Be7 7. Qc2 O-O 8. Nbd2
Re8 9. Rd1 Bf8 10. e4 dxe4 11. Nxe4 Nxe4 12. Qxe4 Nf6 13. Qc2 Nd7 14. Bf4 g6
15. Rac1 Bg7 16. c5 h6 17. Bd6 Bf8 18. Bxf8 Rxf8 19. Ne5 Qf6 20. f4 Qg7 21. Nc4
Nf6 22. Qd2 Nd5 23. Nd6 Nc7 24. Qb4 Nd5 25. Bxd5 exd5 26. b3 f5 27. Re1 g5 28.
Qd2 Rb8 29. Re5 Bd7 30. Rce1 Qf6 31. Qe3 b6 32. Re7 gxf4 33. Qxf4 Rbd8 34. b4
bxc5 35. bxc5 a5 36. Nb7 Rde8 37. Rxe8 Bxe8 38. Nxa5 Bg6 39. Qe5 Qg5 40. Qf4
Qf6 41. Nb3 Ra8 42. Re2 Kg7 43. Qe5 Bh5 44. Rd2 Re8 45. Qxf6+ Kxf6 46. Na5 Re6
47. Kf2 Be8 48. Re2 Re4 49. Rxe4 dxe4 50. Ke3 Ke6 51. Nc4 Kf6 52. a4 Bf7 53.
Nb6 1-0

[Event "1er open Fide de Domloup - A "]
[Site "Domloup"]
[Date "2013.08.30"]
[Round "2.6"]
[White "Marie, Xavier"]
[Black "Rault, Patrice"]
[Result "1-0"]
[WhiteElo "1826"]
[BlackElo "1768"]
[PlyCount "59"]
[EventDate "2013.??.??"]
[EventType "swiss"]
[EventRounds "5"]
[EventCountry "FRA"]
[SourceDate "2005.09.12"]

1. e4 g6 2. d4 Bg7 3. Nf3 d6 4. c4 c5 5. Be3 Nf6 6. Nc3 Qa5 7. Qd2 cxd4 8. Nxd4
Ng4 9. Nb3 Qd8 10. Bg5 h6 11. Bh4 Be6 12. Nd4 Nc6 13. Nxe6 fxe6 14. Be2 Nf6 15.
O-O Qb6 16. Kh1 O-O-O 17. f3 Qd4 18. Qc1 g5 19. Bf2 Qe5 20. Rd1 Nh5 21. g3 Rhf8
22. Rb1 a6 23. Na4 Nf6 24. Qe3 d5 25. exd5 Qxe3 26. Bxe3 exd5 27. cxd5 Nb4 28.
Bc4 Nfxd5 29. Bxd5 Nxd5 30. Rxd5 1-0

[Event "1er open Fide de Domloup - A "]
[Site "Domloup"]
[Date "2013.08.30"]
[Round "2.7"]
[White "Lechartre, Victorien"]
[Black "Ruhlmann, Helene"]
[Result "0-1"]
[WhiteElo "1701"]
[BlackElo "1823"]
[PlyCount "30"]
[EventDate "2013.??.??"]
[EventType "swiss"]
[EventRounds "5"]
[EventCountry "FRA"]
[SourceDate "2005.09.12"]

1. d4 Nf6 2. c4 c5 3. d5 b5 4. cxb5 a6 5. e3 axb5 6. Bxb5 Qa5+ 7. Nc3 Ne4 8.
Nge2 g6 9. O-O Nd6 10. a4 Bg7 11. Bd2 Qb6 12. Qc2 Na6 13. f4 Nb4 14. Qb3 O-O
15. e4 c4+ 0-1

[Event "1er open Fide de Domloup - A "]
[Site "Domloup"]
[Date "2013.08.30"]
[Round "3.2"]
[White "Gutscher, Marc-Andre"]
[Black "Durand-Le Ludec, Brendan"]
[Result "1-0"]
[WhiteElo "2005"]
[BlackElo "1875"]
[PlyCount "116"]
[EventDate "2013.??.??"]
[EventType "swiss"]
[EventRounds "5"]
[EventCountry "FRA"]
[SourceDate "2005.09.12"]

1. e4 c5 2. Nf3 g6 3. d4 cxd4 4. Nxd4 Bg7 5. Nc3 Nc6 6. Be3 Nf6 7. Nxc6 bxc6 8.
e5 Nd5 9. Nxd5 cxd5 10. Qxd5 Rb8 11. Bc4 O-O 12. O-O Qc7 13. Qc5 Qxc5 14. Bxc5
Bxe5 15. Bb3 Ba6 16. Rfb1 d6 17. Bxa7 Rb7 18. Be3 Rc8 19. c3 Bd3 20. Rd1 Bc4
21. Bxc4 Rxc4 22. Rd2 Ra4 23. g3 f5 24. f4 Bg7 25. a3 Ra8 26. Re1 Rxb2 27. Rxb2
Bxc3 28. Reb1 Bxb2 29. Rxb2 Rxa3 30. Kf2 e5 31. fxe5 dxe5 32. Bh6 Ra7 33. Re2
Ra5 34. Rc2 Ra7 35. Bc1 Kf7 36. Bb2 Ke6 37. Rc5 e4 38. Rc2 Rb7 39. Bc1 Ra7 40.
Bf4 h5 41. Rc6+ Kf7 42. Rc7+ Rxc7 43. Bxc7 g5 44. h4 f4 45. gxf4 gxh4 46. Ke3
h3 47. f5 Kf6 48. Kxe4 Kg5 49. Bh2 Kf6 50. Bf4 h4 51. Be5+ Kg5 52. Bh2 Kf6 53.
Bf4 Kf7 54. Ke5 Ke7 55. Bh2 Kf7 56. f6 Kf8 57. Ke6 Ke8 58. f7+ Kf8 1-0

[Event "1er open Fide de Domloup - A "]
[Site "Domloup"]
[Date "2013.08.30"]
[Round "3.3"]
[White "Francois, Adrien"]
[Black "Serralta, Michel"]
[Result "1-0"]
[WhiteElo "1643"]
[BlackElo "2087"]
[PlyCount "95"]
[EventDate "2013.??.??"]
[EventType "swiss"]
[EventRounds "5"]
[EventCountry "FRA"]
[SourceDate "2005.09.12"]

1. e4 c5 2. Nf3 d6 3. Bb5+ Nc6 4. O-O Bd7 5. c3 Nf6 6. Re1 a6 7. Bxc6 Bxc6 8.
Qc2 Rc8 9. d3 e5 10. Bg5 h6 11. Bc1 g6 12. c4 Bg7 13. Nc3 O-O 14. Nd2 Nh5 15.
Nd5 Nf4 16. Nb3 Ne6 17. Bd2 b6 18. Bc3 Nd4 19. Bxd4 cxd4 20. Qd2 a5 21. Rab1 f5
22. f3 Kh7 23. Na1 h5 24. b4 Bh6 25. Qb2 fxe4 26. fxe4 Bxd5 27. cxd5 Qf6 28.
bxa5 bxa5 29. Nb3 Be3+ 30. Kh1 Qg5 31. Rf1 a4 32. Na5 a3 33. Qb7+ Kh6 34. Nc6
Bf4 35. Rf3 Qg4 36. Rbf1 h4 37. Qb4 Rf6 38. Qxa3 Rcf8 39. Qb4 Be3 40. Rxf6 Rxf6
41. Qe1 h3 42. gxh3 Qg5 43. Rxf6 Qxf6 44. Kg2 Bf4 45. Qe2 Qh4 46. a4 g5 47. Ne7
Kh7 48. Nf5 1-0